Geometry of algebraic curves /
Guardado en:
| Otros Autores: | |
|---|---|
| Formato: | Libro |
| Idioma: | English |
| Publicado: |
New York :
Springer-Verlag,
c1985-
|
| Series: | Grundlehren der mathematischen Wissenschaften ;
267 |
| Materias: | |
| Etiquetas: |
Agregar Etiqueta
Sin Etiquetas, Sea el primero en etiquetar este registro!
|
| LEADER | 00795pam a2200229 a 4500 | ||
|---|---|---|---|
| 001 | MAT.inmabb004968 | ||
| 008 | 840314m19859999nyua#####b####001#0#eng## | ||
| 005 | 20160527150008.0 | ||
| 245 | 0 | 0 | |a Geometry of algebraic curves / |c E. Arbarello ... [et al.]. |
| 260 | |a New York : |b Springer-Verlag, |c c1985- | ||
| 300 | |a v. <1- > : |b il. ; |c 25 cm. | ||
| 440 | 0 | |a Grundlehren der mathematischen Wissenschaften ; |v 267 | |
| 504 | |a Bibliografía: v. 1, p. [375]-382. | ||
| 510 | 4 | |a MR, |c 86h:14019 | |
| 500 | |a El sitio web de Springer anuncia la publicación del vol. 2 para 2009. | ||
| 020 | |a 0387909974 (v. 1) | ||
| 700 | 1 | |a Arbarello, E. | |
| 650 | 0 | |a Curves, Algebraic. | |
| 084 | |a 14Hxx (14-02) |2 msc2000 | ||
| 010 | |a 84005373 | ||
| 040 | |a DLC |c DLC |d DLC | ||
| 859 | |h 14 |i G345a |p A-6306 |b BIB. MATEMATICA | ||
